| 000 | 00871nam a2200253 a 4500 | ||
|---|---|---|---|
| 001 | BRCA_5366 | ||
| 005 | 20190320205040.0 | ||
| 008 | 081210s1941----uk-a######---#000-0#eng-# | ||
| 041 | _aeng | ||
| 044 | _aUk | ||
| 050 | 4 |
_aND653 _b.T75 1941 |
|
| 100 | 1 |
_aTrivas, Numa S. _913734 |
|
| 245 | 1 | 0 |
_aThe paintings of Frans Hals _ccomplete edition by N. S. Trivas. |
| 260 |
_aGran Bretaña _bGeorge Allen & Unwin : The Phaidon Press _c1941 |
||
| 300 |
_a230 p. _bil. (algunas a color), 159 láminas _c31 cm. |
||
| 500 | _aIncluye tabla cronológica de la vida y obra de Frans Hals, lista de abreviaturas, apéndice e índice de museos y colecciones | ||
| 500 | _aE111 | ||
| 504 | _aBibliografía: p. [20] | ||
| 600 | 1 | 4 |
_aHals, Frans _d1584-1666 _913735 |
| 650 | 1 | 4 |
_aPintores holandeses _913736 |
| 650 | 1 | 4 |
_aPinturas holandesas _913737 |
| 902 | _aGFM | ||
| 942 |
_2lcc _cB |
||
| 999 |
_c5060 _d5060 |
||